MARC

LEADER 00000nam0a2200000 4500
001 361620
005 20231102011416.0
035 |a (RuTPU)RU\TPU\retro\18952 
090 |a 361620 
100 |a 20210625d1964 km y0gery50 ba 
101 0 |a ger 
102 |a DE 
105 |a a z 001zy 
200 1 |a Einfûhrung in die Längenmeßtechnik  |f K. Nitsche, Ch. Wiebach 
205 |a Vierte, verbesserte Auflage 
210 |a Leipzig  |c Veb Fachbuchverlag  |d 1964 
215 |a 185 s.  |c il.  |e im Anhang 1 loses Blatt 
320 |a Sachwortverzeichnis: s. 180-185 
606 1 |a Длина  |x Измерение  |2 stltpush  |3 (RuTPU)RU\TPU\subj\9814  |9 36983 
610 1 |a физические измерения 
610 1 |a измерительные инструменты 
610 1 |a единицы измерений 
610 1 |a погрешности 
610 1 |a результаты 
610 1 |a размеры 
610 1 |a габариты 
610 1 |a устройства 
610 1 |a приборы 
610 1 |a калибры 
610 1 |a производство 
610 1 |a применение 
610 1 |a использование 
610 1 |a немецкий язык 
675 |a 531.71  |v 4 
700 1 |a Nitsche  |b K.  |g Karl 
701 1 |a Wiebach  |b Ch.  |g Christa 
801 1 |a RU  |b 63413507  |c 20210625 
801 2 |a RU  |b 63413507  |c 20210625  |g RCR 
942 |c BK